| 000 | 00524nam a2200169Ia 4500 | ||
|---|---|---|---|
| 008 | 230718s9999 xx 000 0 und d | ||
| 020 | _a9789383260096 | ||
| 041 | _aeng | ||
| 082 |
_a658.4'092 _bREC |
||
| 100 |
_aReck R. _9195191 |
||
| 245 |
_aThe Engagement Formula _bLearn How Google, Intel, Marriott Hotels And Others Achieve Full Employee Engagement |
||
| 260 |
_c2013 _bWestland |
||
| 300 | _a218 | ||
| 365 |
_cRs. _b295.00 |
||
| 700 |
_aReck R. _9195191 |
||
| 906 |
_dO:0354525-Nov-2013B:430211-Oct-2013 _cGENRL _b64.9 |
||
| 999 |
_c334062 _d334062 |
||